000
00259nam a2200109Ia 4500
008
190216s9999||||xx |||||||||||||| ||und||
100
_a
Glasstone S&Amp; Lewis D
245
0
_a
Elements Of Physical Chemistry
260
_b
Macmillan
300
_a
758
942
_c
BK
999
_c
2140
_d
2140